Statistics for Непризнанные Страны

Click here to take the quiz!

General Stats

  • This quiz has been taken 1 240 times
  • The average score is 6 of 8

Answer Stats

Официально частьСтрана% Correct
СербияКосово
91%
ГрузияАбхазия
84%
КитайТайвань
83%
ГрузияЮжная Осетия
72%
МолдоваПриднестровье
67%
АзербайджанНагорный Карабах
58%
Марокко/Ничейная территорияЗападная Сахара
54%
СомалиСомалиленд
46%

Score Distribution

Percentile by Number Answered

Percent of People with Each Score

Your Score History

You have not taken this quiz